000 00598nam a22001817a 4500
005 20251108171224.0
008 250721s1993 xx 000 0 ara d
082 1 4 _a210.433819/محم
100 1 _aالسرحان، محمود سعود قظام
245 1 0 _aأسلوب الإسلام في حل مشكلتي الأمن الغذائي و السكان /
264 1 _aالقاهرة :
_bدار النهضة،
_c1993.
300 _a63ص.
650 1 7 _aالإسلام و الغذاء
650 1 7 _aالإسلام و السكان
650 1 7 _aالغذاء
942 _2ddc
_cBK
999 _c59710
_d59710